LEADER 02070oam 2200565 450 001 9910713905903321 005 20201029111540.0 035 $a(CKB)5470000002506608 035 $a(OCoLC)960695840$z(OCoLC)974643909 035 $a(OCoLC)995470000002506608 035 $a(EXLCZ)995470000002506608 100 $a20161013d1986 ua 0 101 0 $aeng 135 $aurbn||||||||| 181 $ctxt$2rdacontent 182 $cc$2rdamedia 183 $acr$2rdacarrier 200 10$aEffects of urbanization on streamflow, sediment loads, and channel morphology in Pheasant Branch Basin near Middleton, Wisconsin /$fby Willian R. Krug and Gerald L. Goddard ; prepared in cooperation with the University of Wisconsin-Extension Geological and Natural History Survey and the City of Middleton 210 1$aMadison, Wisconsin :$cU.S. Geological Survey,$d1986. 215 $a1 online resource (vi, 82 pages) $cillustrations, maps 225 1 $aWater-resources investigations report ;$v85-4068 300 $a"July, 1986." 300 $aChiefly tables. 320 $aIncludes bibliographical references (page 28). 606 $aStream measurements$zWisconsin 606 $aSediment transport$zWisconsin 606 $aSediment transport$2fast 606 $aStream measurements$2fast 607 $aWisconsin$2fast 615 0$aStream measurements 615 0$aSediment transport 615 7$aSediment transport. 615 7$aStream measurements. 700 $aKrug$b William R.$01389465 702 $aGoddard$b Gerald 712 02$aGeological Survey (U.S.), 712 02$aWisconsin Geological and Natural History Survey. 712 02$aMiddleton (Wis.) 801 0$bOCLCE 801 1$bOCLCE 801 2$bOCLCQ 801 2$bCOP 801 2$bOCLCA 801 2$bGZW 801 2$bOCLCQ 801 2$bGPO 906 $aBOOK 912 $a9910713905903321 996 $aEffects of urbanization on streamflow, sediment loads, and channel morphology in Pheasant Branch Basin near Middleton, Wisconsin$93539959 997 $aUNINA LEADER 03294nam 2200589 450 001 9910808173103321 005 20180912235154.0 010 $a1-4985-3591-7 035 $a(CKB)3710000000769106 035 $a(EBL)4586199 035 $a(OCoLC)953387314 035 $a(PQKBManifestationID)16514419 035 $a(PQKBWorkID)15040573 035 $a(PQKB)22064270 035 $a(MiAaPQ)EBC4586199 035 $a(iGPub)ROWMANB0015291 035 $a(EXLCZ)993710000000769106 100 $a20160803h20162016 uy 0 101 0 $aeng 135 $aur|n|---||||| 181 $ctxt 182 $cc 183 $acr 200 10$aForensic rhetorics and satellite surveillance $ethe visualization of war crimes and human rights violations /$fMarouf Hasian, Jr 210 1$aLanham, Maryland :$cLexington Books,$d2016. 210 4$dİ2016 215 $a1 online resource (253 p.) 300 $aDescription based upon print version of record. 311 $a1-4985-3590-9 320 $aIncludes bibliographical references and index. 327 $aContents; Acknowledgments; List of Figures; Chapter One: Satellite Imaging, Humanitarian Dreams, and the Twenty-First Century Pursuit of Forensic Truths; Chapter Two: Visualizing Srebrenica, The International Criminal Tribunal for the Former Yugoslavia, and the Growing Acceptance of Satellite Evidence; Chapter Three: Satellite Imagery and the Visual/Virtual Israeli Occupation of the Gaza; Chapter Four: George Clooney, Surveillance of Sudanese Borders, and the Sentinel Project; Chapter Five: The Drone Wars Over Pakistan and the Aerial "Manhunts" for Taliban and Al-Qaeda Enemies 327 $aChapter Six: EUROSUR Surveillance, Mediterranean "Search and Rescue," and the Visualization of Europe's "Migrant Crisis"Chapter Seven: Conclusion: The Constitutive Power of Satellite Surveillance and the Crafting of Securitized and Militarized Dispositifs; Bibliography; Index; About the Author 330 $aForensic Rhetorics, Satellite Surveillance, and the Visualization of War Crimes and Human Rights Violations uses critical forensic perspectives in order to assess the strengths and weaknesses of governmental, NGO, and celebrity usage of satellite surveillance systems. The author contends that while many defenders of this use of satellite imagery often argue that these images speak for themselves, they are in fact contested objects that are contextualized and recontextualized in salient foreign policy controversies. 606 $aSpace surveillance$xHistory 606 $aWar crimes$xHistory 606 $aHuman rights monitoring$xHistory 606 $aHuman rights monitoring$xTechnological innovations 606 $aSpace surveillance$xMoral and ethical aspects 615 0$aSpace surveillance$xHistory. 615 0$aWar crimes$xHistory. 615 0$aHuman rights monitoring$xHistory. 615 0$aHuman rights monitoring$xTechnological innovations. 615 0$aSpace surveillance$xMoral and ethical aspects. 676 $a363.25/938 700 $aHasian$b Marouf Arif$cJr.,$0867031 801 0$bMiAaPQ 801 1$bMiAaPQ 801 2$bMiAaPQ 906 $aBOOK 912 $a9910808173103321 996 $aForensic rhetorics and satellite surveillance$93987536 997 $aUNINA